000 00677nam a22001937a 4500
008 140630b xxu||||| |||| 00| 0 eng d
020 _a9-7801-9956-6129
082 _222 ed.
_a345.420773
_bMIL
100 _aMillington, Trevor
245 _a Trevor Millington and Mark Sutherland williams on the proceeds of crime /
_c Trevor Millington and Mark Sutherland williams
250 _a3 ed.
260 _aNY :
_bOxford univ. press
_c2010
300 _axcviii, 757 P. ;
_c25 cm.
500 _aIncludes Index
650 _aCrime
650 _a Trevor Millington and Mark Sutherland williams on the proceeds of crime
700 _awilliams, Mark Sutherland
942 _2ddc
_cBK
999 _c5935
_d5935